Statistics for Guitar Chords by Picture

Click here to take the quiz!

General Stats

  • This quiz has been taken 77 times
  • The average score is 6 of 10

Answer Stats

Answer % Correct
Gadd9
96%
F
90%
A
84%
C/G
82%
B
79%
Dsus2
34%
G7
34%
Asus2
32%
Am7
31%
E7
18%

Score Distribution

Percentile by Number Answered

Percent of People with Each Score

Your Score History

You have not taken this quiz